• 首页
  • 本馆介绍
  • 公告通知
  • 最新文献
  • 馆藏检索
  • 电子资源
  • 读者导购
  • 参考咨询
  • 我的图书馆
  • 登录
  • 详细信息显示
  • 放入我的书架
  • 预约/预借图书
  • 作者相关作品
  • 分类相关作品
  • 丛书相关作品
  • 出版社相关作品

书目信息

  • 表格格式
  • 工作单格式
  • 卡片格式
题名:
仪式与社会变迁
    
 
作者: 郭于华 主编
分册:  
出版信息: 北京   社会科学文献出版社  2000
页数: 383页
开本: 20cm
丛书名: 现代社会学文库
单 册:
中图分类: C51
科图分类:
主题词: 礼仪--研究--中国 , 社会科学--多卷书
电子资源:
ISBN: 7-80149-372-9
000 00654nam0 2200229 45
001 0207011692
005 20031219104056.9
010    @a7-80149-372-9@dCNY22.00
100    @a20020701d2000 km y0chiy0120 ea
101 0  @achi
105    @a z 000yy
200 1  @a仪式与社会变迁@AYi Shi Yu She Hui Bian Qian@f郭于华主编@FGuo Yu Hua Zhu Bian
210    @a北京@c社会科学文献出版社@d2000
215    @a383页@d20cm
225    @a现代社会学文库
410    @12001 @a现代社会学文库
606 0  @a礼仪@x研究@y中国
606 0  @a社会科学@x多卷书
690    @aC51@v4
701  0 @a郭于华@4主编
801    @aCN@bTSTC@c20020701
905    @b313248-257@dC51@e114:7@f10
    
    仪式与社会变迁/郭于华主编.-北京:社会科学文献出版社,2000
    383页;20cm.-(现代社会学文库)
    
    
    ISBN 7-80149-372-9:CNY22.00
    
●
相关链接 在E读中查询图书 在五车中查询图书 在当当中查询图书 在豆瓣中查询图书


正题名:仪式与社会变迁     索取号:C51/114:7         预约/预借

序号 登录号 条形码 馆藏地/架位号 状态 备注
1 0313248   203132485   密集书库/ [索取号:C51/114:7] 在馆    
2 0313249   203132494   密集书库/ [索取号:C51/114:7] 在馆    
3 0313250   203132500   密集书库/ [索取号:C51/114:7] 在馆    
4 0313251   203132519   密集书库/ [索取号:C51/114:7] 在馆    
5 0313252   203132528   第一借阅区/ [索取号:C51/114:7] 在馆    
6 0313253   203132537   第一借阅区/ [索取号:C51/114:7] 在馆    
7 0313254   203132546   密集书库/ [索取号:C51/114:7] 在馆    
8 0313255   203132555   第一借阅区/ [索取号:C51/114:7] 在馆    
9 0313256   203132564   第一借阅区/ [索取号:C51/114:7] 在馆    
10 0313257   203132573   第一样本阅览室/ [索取号:C51/114:7] 在馆    
唐山师范学院图书馆 欢迎您!
大连网信软件有限公司© 版权所有